Education & Social Problems. (Record no. 36828)

MARC details
000 -LEADER
fixed length control field 00406nam a2200169Ia 4500
008 - FIXED-LENGTH DATA ELEMENTS--GENERAL INFORMATION
fixed length control field 220531s9999 xx 000 0 und d
041 ## - LANGUAGE CODE
Language code of text/sound track or separate title eng
082 ## - DEWEY DECIMAL CLASSIFICATION NUMBER
Item number WEI
100 ## - MAIN ENTRY--PERSONAL NAME
Personal name Weinberg ,. Carl.
9 (RLIN) 65001
245 ## - TITLE STATEMENT
Title Education & Social Problems.
260 ## - PUBLICATION, DISTRIBUTION, ETC. (IMPRINT)
Place of publication, distribution, etc. Pune
Name of publisher, distributor, etc. Free press
Date of publication, distribution, etc. 1971
300 ## - PHYSICAL DESCRIPTION
Extent 350
542 ## - INFORMATION RELATING TO COPYRIGHT STATUS
Copyright holder 03-05-2011
650 ## - SUBJECT ADDED ENTRY--TOPICAL TERM
Topical term or geographic name as entry element Sociology
9 (RLIN) 65002
906 ## - LOCAL DATA ELEMENT F, LDF (RLIN)
d 2011-2012
Holdings
Withdrawn status Lost status Source of classification or shelving scheme Damaged status Not for loan Collection code Home library Current library Date acquired Vendor Cost, normal purchase price Total Checkouts Total Holds Full call number Barcode Date last seen Bill Date Koha item type Original Barcode
    Dewey Decimal Classification       Shri Siddhivinayak Mahila Mahavidyalaya Shri Siddhivinayak Mahila Mahavidyalaya 03/05/2011 Personal 25.00   1 /WEI/B/18196 SSMM-BK-18196 06/08/2022 06/08/2022 Books 010018196